000 00342nam a2200133Ia 4500
008 231129s2004||||xx |||||||||||||| ||spa||
020 _a84-95353-66-0
040 _bspa
082 _a371.397 J91
245 0 _aJuegos en la educación fí­sica
260 _c2004
264 _aLimusa
942 _2ddc
_cBKS
999 _c16244
_d16244